The right tools for the job (Record no. 83089)
[ view plain ]
| 000 -LEADER | |
|---|---|
| fixed length control field | 00879cab a22001935a 4500 |
| 001 - CONTROL NUMBER | |
| control field | L152783 |
| 008 - FIXED-LENGTH DATA ELEMENTS--GENERAL INFORMATION | |
| fixed length control field | 110427e20110416xxk 000 0 eng d |
| 035 ## - SYSTEM CONTROL NUMBER | |
| System control number | (Sirsi) u152783 |
| 041 0# - LANGUAGE CODE | |
| Language code of text/sound track or separate title | eng |
| 100 1# - MAIN ENTRY--PERSONAL NAME | |
| Personal name | Keeping, Miles |
| 245 04 - TITLE STATEMENT | |
| Title | The right tools for the job |
| 490 ## - SERIES STATEMENT | |
| Series statement | Estates Gazette |
| Volume/sequential designation | (1115) 16 April 2011, 86(1) |
| 520 ## - SUMMARY, ETC. | |
| Summary, etc. | Considers the latest toolkit from the Better Buildings Partnership (BBP) which is aimed at improving the sustainabillity of buildings and encouraging managing agents to use best practice. Examines the contents alongside previous toolkits from the BBP such as the Green Lease Toolkit and the Green Building Management Toolkit. For the sustainability toolkit (http://bot.ly/fY322L). |
| 590 ## - LOCAL NOTE (RLIN) | |
| Local note | KA |
| 651 #4 - SUBJECT ADDED ENTRY--GEOGRAPHIC NAME | |
| Geographic name | United Kingdom |
| Chronological subdivision | |
| 690 ## - LOCAL SUBJECT ADDED ENTRY--TOPICAL TERM (OCLC, RLIN) | |
| Topical term or geographic name as entry element | ENVIRONMENTAL AND LAND CONSULTANCY-SUSTAINABILITY |
| 700 1# - ADDED ENTRY--PERSONAL NAME | |
| Personal name | Bugden, Keith |
| 942 ## - ADDED ENTRY ELEMENTS (KOHA) | |
| Suppress in OPAC | 0 |
| Withdrawn status | Lost status | Source of classification or shelving scheme | Damaged status | Not for loan | Home library | Current library | Shelving location | Date acquired | Total Checkouts | Full call number | Barcode | Date last seen | Copy number | Price effective from | Koha item type |
|---|---|---|---|---|---|---|---|---|---|---|---|---|---|---|---|
| Dewey Decimal Classification | London | London | Journal article | 27/04/2011 | L152783 | 152783-1001 | 06/08/2019 | 1 | 06/08/2019 | Journal article |